Представление документа в формате MARC21

Поле Инд. ПП Название Значение
Тип записи a
Библиографический уровень m
001 Контрольный номер e2a8122d-407e-473d-92bb-ff8ff2a2e7a3
005 Дата корректировки 20250128091228.3
008 Кодируемые данные 991030 d
020 a ISBN 5-900428-31-1
020 a ISBN 0-03-075482-8
040 a Служба первич. каталог. НБ ТвГУ
041 0_ a Код языка текста rus
080 a Индекс УДК 658.14/.15
084 a Индекс другой классификации/Индекс ББК У526-212
a Индекс другой классификации/Индекс ББК У529-93-212
a Индекс другой классификации/Индекс ББК У053-93
090 c Каталожный индекс У526-212 + У529-93-212 + У053-93
x Авторский знак Б87
a Полочн. индекс У526
100 1_ a Автор Бригхем Юджин
245 0_ a Заглавие Финансовый менеджмент
n Номер части/ раздела Т. 2
b Продолж. заглавия Полный курс : В 2 т.
c Ответственность Пер. с англ. [В.А. Буровцева и др.; Под ред. В.В. Ковалева]; Ин-т "Открытое о-во"
c Ответственность Ин-т "Открытое о-во
260 0_ a Место издания СПб.
b Издательство Экон. шк.
c Дата издания 1998
300 a Объем 668 с.
b Иллюстрации/ тип воспроизводства ил.
500 a Примечание НАСТОЯЩИЙ МАТЕРИАЛ (ИНФОРМАЦИЯ) ПРОИЗВЕДЕН, РАСПРОСТРАНЕН И (ИЛИ) НАПРАВЛЕН ИНОСТРАННЫМ АГЕНТОМ ДЖ. СОРОСОМ, ЯВЛЯЮЩИМСЯ УЧРЕДИТЕЛЕМ (ЧЛЕНОМ, УЧАСТНИКОМ, РУКОВОДИТЕЛЕМ ИЛИ ЛИЦОМ, ВХОДЯЩИМ В СОСТАВ ОРГАНА ЛИЦ УКАЗАНЫХ В ЧАСТИ 4 СТАТЬИ 9 ФЕДЕРАЛЬНОГО ЗАКОНА «О КОНТРОЛЕ ЗА ДЕЯТЕЛЬНОСТЬЮ ЛИЦ, НАХОДЯЩИХСЯ ПОД ИНОСТРАННЫМ ВЛИЯНИЕМ») ФОНДА «ОТКРЫТОЕ ОБЩЕСТВО», ВКЛЮЧЕННОГО В РЕЕСТР ИНОСТРАННЫХ АГЕНТОВ
504 a Библиография Предм. указ.: с.646-662.
583 a Действие Получение впервые 541 13.10.99
650 04 a Основная рубрика Финансовый менеджмент
650 04 a Основная рубрика Предприятия
x Основная подрубрика Финансы
x Основная подрубрика Менеджмент
650 04 a Основная рубрика Финансовый анализ
653 0_ a Ключевые слова Финансовый менеджмент
a Ключевые слова Финансы предприятий
a Ключевые слова Предприятия
a Ключевые слова Финансовый анализ
a Ключевые слова Инвестиции
700 1_ a Другие авторы Гапенски Луис
700 1_ a Другие авторы Ковалев В.В.
e Роль лиц ред.
700 1_ a Другие авторы Буровцев В.А.
e Роль лиц пер.
852 41 t Порядковый номер экземпляра 1
p Инвентарный номер 714982
920 a Оператор Петр
952 p 541.99 227.00 1 714982
c Вид литературы К ру
954 a Дата поступления на обработку 19991028